ნორმალური ფორმატი
MARC ფორმატი
ჩანაწერი Personal Name
ჩანაწერთა რაოდენობა, რომელიც გამოყენებულია: 1
001 - CONTROL NUMBER
- control field: 5836
003 - CONTROL NUMBER IDENTIFIER
- control field: GE_BSU
005 - DATE AND TIME OF LATEST TRANSACTION
- control field: 20191217154136.0
008 - FIXED-LENGTH DATA ELEMENTS
- fixed length control field: 191217|| aca||aabn | a|a d
040 ## - CATALOGING SOURCE
- Original cataloging agency: GE_BSU
- Transcribing agency: GE_BSU
100 ## - HEADING--PERSONAL NAME
- Personal name: Coatalem, Jean-Luc,
- Dates associated with a name: 1959-
- Relator term: author.
670 ## - SOURCE DATA FOUND
- Source citation: Work cat.: (GE_BSU)0: Coatalem, Jean-Luc, 1959- author., La part du fils :
